|
|
|
|
| LEADER |
01127nam a2200265 a 4500 |
| 001 |
16405903 |
| 008 |
120805s2010 flu b 001 0 eng d |
| 010 |
|
|
|a 2010033716
|
| 020 |
|
|
|a 9781420064766 (hardcover : alk. paper)
|
| 040 |
|
|
|a DLC
|c DLC
|d BD-DhAAL
|
| 082 |
0 |
0 |
|a 351.59
|2 22
|
| 245 |
0 |
0 |
|a Public administration in Southeast Asia :
|b Thailand, Philippines, Malaysia, Hong Kong and Macao /
|c editor, Evan M. Berman.
|
| 260 |
|
|
|a Boca Raton, Fla. :
|b CRC Press,
|c c2010.
|
| 263 |
|
|
|a 1010
|
| 300 |
|
|
|a xxvii, 581 p. ;
|c 27 cm.
|
| 490 |
1 |
|
|a Public administration and public policy ;
|v v. 160
|
| 504 |
|
|
|a Includes bibliographical references and index.
|
| 541 |
|
|
|a 00025807
|
| 650 |
|
0 |
|a Public administration
|z Southeast Asia.
|
| 650 |
|
0 |
|a Civil service reform
|z Southeast Asia.
|
| 651 |
|
0 |
|a Southeast Asia
|x Politics and government.
|
| 700 |
1 |
|
|a Berman, Evan M.
|
| 852 |
1 |
|
|a Ayesha Abed Library
|j General shelf
|
| 999 |
|
|
|c 12701
|d 12701
|
| 952 |
|
|
|0 0
|1 0
|2 ddc
|4 0
|6 351_590000000000000_PUB
|7 0
|9 20934
|a IGS
|b IGS
|c GEN
|d 2012-08-01
|e Karim International
|g 8900.00
|l 1
|m 3
|o 351.59 PUB
|p 3010025807
|r 2014-06-09
|s 2012-12-31
|t 1
|w 2012-08-01
|y BK
|